000 00377 a2200109 4500
001 ART_8068
005 20260410161831.0
008 260409a
245 1 0 _aLa seguridad social de los altos directivos
100 1 _aManrique López, Víctor Fernando
773 0 _tBoletín de estudios económicos
_gÉtica y economía - Vol. 55, Nº 170 (ago. 2000)
_wREV5142
999 _c23251
_d23251